000 00818nam a2200253Ia 4500
003 OSt
005 20220925202034.0
006 a|||||r|||| 00| 0
007 ta
008 220923b |||||||| |||| 00| 0 eng d
020 _a0195644034
037 _cGeneral Book
040 _aRTL
_cRTL
_beng
041 _2eng
_aeng
082 _aX:75.2.N9, N8 /TD
100 _aLittle I M D
_9105011
245 0 _aIndia's economic reforms and development
_b Essays for Manmohan Singh
260 _aDelhi
_bOxford University Press
_c1998
300 _aviii, 404p Bibliography chapterwise
_ccm.
650 _aEconomic Planning
_9237517
700 _a Ahluwalia Isher Judge Ed.
_9263127
942 _hX:75.2.N9, N8 /TD
_cGB
_2CC
999 _c542263
_d542263